Biology - II P U C (Record no. 239862)

MARC details
000 -LEADER
fixed length control field 00392nam a2200145Ia 4500
005 - DATE AND TIME OF LATEST TRANSACTION
control field 20250729165753.0
008 - FIXED-LENGTH DATA ELEMENTS--GENERAL INFORMATION
fixed length control field 250729s2013 xx 000 0 und d
041 ## - LANGUAGE CODE
Language code of text/sound track or separate title eng
082 ## - DEWEY DECIMAL CLASSIFICATION NUMBER
Classification number 530.25 DIRB
100 ## - MAIN ENTRY--PERSONAL NAME
Personal name Directorate of Pre University
9 (RLIN) 232597
245 ## - TITLE STATEMENT
Title Biology - II P U C
260 ## - PUBLICATION, DISTRIBUTION, ETC.
Place of publication, distribution, etc. Bangalore
Name of publisher, distributor, etc. Directorate of Pre University
Date of publication, distribution, etc. 2013
300 ## - PHYSICAL DESCRIPTION
Extent 104p
650 ## - SUBJECT ADDED ENTRY--TOPICAL TERM
Topical term or geographic name entry element Biology
9 (RLIN) 232598
Holdings
Withdrawn status Lost status Damaged status Not for loan Home library Current library Date acquired Source of acquisition Cost, normal purchase price Total Checkouts Full call number Barcode Date last seen Cost, replacement price Price effective from Koha item type
        St Aloysius Library St Aloysius Library 07/29/2025 Management Book 41.00   530.25 DIRB BED05181 07/29/2025 41.00 07/29/2025 Book